Maly rocznik statystyczny 1989

Guardado en:
Detalles Bibliográficos
Formato: Libro
Lenguaje:polaco
Publicado: Warszawa Glówny urzad statystyczny 1989
Edición:1. wyd.
Etiquetas: Agregar Etiqueta
Sin Etiquetas, Sea el primero en etiquetar este registro!

MARC

LEADER 00000nam a2200000 4500
001 c029563
005 20221206131433.1
041 0 |a pol 
044 |a PL 
245 1 0 |a Maly rocznik statystyczny 1989 
250 |a 1. wyd. 
264 1 |a Warszawa  |b Glówny urzad statystyczny  |c 1989 
300 |a 424 s.